Państwa w Europie A-Z - Statystyki

Ogólne statystyki
  • Ten quiz został rozwiązany 153 779 razy
    153 759 od ostatniego zresetowania
  • Średni wynik to 17 z 19
Statystyki odpowiedzi
Państwo % Poprawnych
B Białoruś | Belgia | Bośnia i Hercegowina | Bułgaria
97%
F Finlandia | Francja
97%
C Chorwacja | Czarnogóra | Czechy
96%
A Albania | Andora | Austria
95%
D Dania
95%
P Polska | Portugalia
95%
H Hiszpania | Holandia
94%
N Niderlandy | Niemcy | Norwegia
93%
R Rosja | Rumunia
93%
L Liechtenstein | Litwa | Luksemburg
92%
Ł Łotwa
92%
S San Marino | Serbia | Słowacja | Słowenia | Szwajcaria | Szwecja
91%
E Estonia
90%
M Macedonia Północna | Malta | Mołdawia | Monako
90%
W Watykan | Węgry | Wielka Brytania | Włochy
89%
G Grecja
87%
I Irlandia | Islandia
83%
U Ukraina
72%
K Kosowo
67%
Nie znaleziono quizów pasujących do podanych kryteriów
Rozkład punktacji
Procent ludzi z każdym wynikiem
Percentyl według liczby udzielonych odpowiedzi
Twoja historia wyników
Nie rozwiązałeś tego quizu od ostatniego zresetowania